00872nam a22002297a 4500001001000000003000900010005001700019007000300036008004100039040002500080082001500105100002700120245006700147260007800214300001600292500009400308590002700402910001400429942001300443952016900456999001700625000030800DO-SdBNP20220915150523.0ta110530s1929 dr 000 0 spa d aDO-SdBNPbspacBNPHU axxxbR969m1 aRusso, Giuseppe92210613aLa miel en la alimentacion y en la medicina /cGiuseppe Russo. aSanto Domingo :bSecretaría de Estado de Agricultura y Comercio,c1929. a8 p. ;c23. aEl Dr. Russo es jefe del laboratorio de Entomología, Estación Nacional Agronómica.  aInventariado, 2022/ YL aYLockward 2ddccLF2 00102ddc51708DS-FRVaBNPHUbBNPHUcCTd2022-09-15iLF1oxxx R969mp30800-10r2020-06-25w2020-06-25yLF2zPerteneció a la colección Carlos Larrazabal Blanco c30292d30292